[Event "Candidates Tournament"]
[Site "Kazan"]
[Date "2011.05.15"]
[Round "2.4"]
[White "Kramnik, Vladimir"]
[Black "Grischuk, Alexander"]
[Result "1/2-1/2"]
[WhiteElo "2785"]
[BlackElo "2747"]
[Annotator "Caruana,F"]
[PlyCount "87"]
[EventDate "2011.05.05"]
[EventType "k.o."]
[EventRounds "3"]
[EventCountry "RUS"]
[SourceTitle "CBM 143"]
[Source "ChessBase"]
[SourceDate "2011.07.15"]
[SourceVersion "1"]
[SourceVersionDate "2011.07.15"]
[SourceQuality "1"]

1. Nf3 c5 2. c4 Nc6 3. Nc3 e5 4. e3 Nf6 5. Be2 d5 6. d4 exd4 7. exd4 Be6 8. Be3
{By transposition from a rare move order we have reached a main line of the 1.
e4 c5 2.Nf3 e6 3.c4 variation, which is not very topical these days. A
refreshing change from all the hyper-theoretical Petroffs, Grünfelds and Slavs
we normally see at the top level.} dxc4 9. O-O cxd4 10. Nxd4 Nxd4 11. Bxd4 Qa5
$5 {A weird looking move, but it is surprisingly not so bad. Black prevents an
annoying check on a4, allowing his pawn structure to be wrecked but preparing
counterplay with ...Rd8 in the meantime.} ({The main line, if there is such a
thing in this position, is} 11... Be7 12. Qa4+ Qd7 13. Qxd7+ Nxd7 14. Bxg7 Rg8
{, when Black rarely encountered problems in the few games which were played
here. I suppose Kramnik had prepared an idea here, but it is difficult to
imagine exactly what it could be.}) 12. Bxf6 gxf6 13. Re1 Rd8 14. Qc2 Be7 {
Black is one step away from getting his king in safety and consolidating his
material advantage. The doubled f-pawns are not so disastrous because Black's
bishops cover a lot of important squares around the kingside.} 15. Qe4 Qc5 {
A good move. The most important thing is not the b7-pawn, but rather not to
allow a trade of bishops.} (15... Qc7 $2 16. Bg4 {is therefore not good for
Black.}) 16. Qxb7 O-O {One more move - f5 - and Black will have a perfect
position due to his unopposed dark-squared bishop.} 17. Ne4 (17. Rad1 f5 {
can only be better for Black.}) 17... Qb4 18. Qxa7 (18. Nxf6+ {is a critical
move, which leads to an endgame where Black obtains good compensation based on
a number of tactical details.} Kh8 19. Qxb4 Bxb4 20. Rec1 (20. Red1 c3 $1 {
is an important point.}) 20... Bd2 $1 21. Rc2 c3 $1 {A really great idea,
giving an advantage. After} 22. bxc3 Bf5 {White's rook is trapped!}) 18... Rd7
19. Qe3 Qxb2 {Black has won a crucial pawn, gaining a dangerous passed c-pawn
in the process. However, the position remains roughly balanced because of
Black's vulnerable king.} 20. Rac1 ({White could have tried} 20. Nc5 Bxc5 21.
Qxc5 Rd2 22. Qe3 {, which the computer estimates as roughly equal, which is
most likely correct. This would be a logical continuation of the game, but
some more exciting surprises were in store before the inevitable result.})
20... Qd4 {Obviously a trade of queens is bad for White.} 21. Qf3 {However,
this was not the best way.} ({It's hard to blame Kramnik for not finding} 21.
Qf4 f5 22. Rcd1 Qxe4 23. Qg3+ Kh8 24. Rxd7 Bxd7 25. Qc3+ {, with a draw by
perpetual as} f6 $2 26. Bxc4 {is bad for Black.}) 21... Rc8 {The players
continue to make small mistakes, but the position is very sharp and often the
most natural moves are wrong because of concrete tactics.} ({Strongest was} 
21... f5 $1 22. Ng3 ({White should play modestly with} 22. Nc3 {, but clearly
Black is better after} Bg5) 22... Bg5 $1 {A great idea, bringing the bishop to
d2, where it closes the d-file and supports the c-pawn. By the way, I've
noticed that White's rooks are a real problem for White in this game - they
have no space to manouver, are stuck on the first rank and usually get
attacked by Black's bishops.} 23. Rcd1 (23. Rc2 {is met by the accurate} Qe5 {
, and next...Rc8, consolidating.}) 23... Bd2 $1 {, and next Black will enforce
the bishop with ...c3!} 24. Nxf5 Qf6 {, with a decisive advantage.}) 22. Ng3 ({
The natural and obvious} 22. Red1 {would have been better. The position just
boils down to rough equality in all variations after this. I suppose Kramnik
was still playing for an advantage, and felt he would have good play after 22.
Ng3, with the knight aiming for f5 or h5.}) 22... Rdc7 $2 {A strange, highly
cooperative move. Grischuk decided to ignore all of Kramnik's ideas and focus
on his own one-sided play.} ({Black had the strong, if not very obvious} 22...
Qe5 $1 {at his disposal. White's ideas of Nh5 or Nf5 have been nullified, so
Black can concentrate on advancing his c-pawn. It seems White's position is
highly unpleasant after this.} 23. Bxc4 $4 Rxc4 {is of course losing for White.
}) 23. Nh5 $6 {The knight is going for f4, but I would prefer the natural 23.
Nf5.} ({After} 23. Nf5 Bxf5 24. Qxf5 {White is at least fully equal and
perhaps more do to Black's vulnerable king. The c-pawn is easily blockaded by
Qc2 and White can even start advancing his a-pawn at the right moment.}) 23...
Kh8 24. Rcd1 (24. Nf4 c3 {doesn't seem especially promising for White.}) 24...
Qb2 {Another odd move (but perhaps not such a bad one), putting the queen on a
faraway square where it can't help defend Black's king. I don't understand why
Grischuk keeps putting his pieces on these strange squares, when he has
simpler and stronger moves at his disposal. Instead of this, 24...Qc5 prepares
to defend the king with ...Qg5.} (24... Qc5 $1 {gives a good position. I
imagine Grischuk was worried about} 25. Nxf6 {, but the pawn is not very
important and after} c3 {Black has good compensation with the threat of ...c2.
In the complex play that will follow anything can happen, but Black seems to
have the initiative.}) 25. Qg3 Bf8 26. Bg4 $6 {Is this how White should play
for a win, or for a loss? Both players are really going all out in this game,
but it seems they have both lost their sense of danger and are taking needless
risks.} ({White had many possible options, but I think best was} 26. Qh4 Be7
27. Qg3 {, with a draw by perpetual. I don't think White has better than this,
and if he continues playing he runs the serious risk of losing due to Black's
passed c-pawn.}) 26... c3 27. Bxe6 (27. Rxe6 $2 {loses:} fxe6 28. Bxe6 Rg7 $1
29. Nxg7 {Now mate is no longer a threat.} c2 30. Rf1 c1=Q $19) 27... fxe6 28.
Nxf6 Bg7 $2 {Again a totally illogical move. Why not attack the queen and keep
the h7-pawn protected? With this Black turns an objectively much better
position into a very dangerous one.} (28... Rg7 29. Qe5 {White threatens Nh5,
but Black has a strong response:} Qb7 30. g3 c2 31. Rc1 Ba3 32. Nh5 Bxc1 (32...
Bb2 {also works.}) 33. Rxc1 Rd8 {, threatening ...Rd1 and winning the game.}
34. Qa1 e5 $1 35. Nxg7 Qf3 {, and the threat of ...Rd1 is unstoppable.}) 29.
Nh5 {Threatening Qxc7. More testing was the brilliant shot 29.Nxh7, after
which Black is hard pressed to defend. I would be interested to see how the
game would unfold after that.} ({An interesting try was} 29. Nxh7 $5 c2 (29...
Kxh7 30. Qh3+ Kg8 31. Qxe6+ {gives White a killing attack, with a rook lift
coming up next.}) 30. Qh4 {, and here Black probably has only one way to make
a draw:} (30. Ng5 cxd1=Q 31. Qh3+ {leads to perpetual.}) 30... Be5 $3 {A
surprising and very difficult move. Black needs to make room for the king on
g7, and he also protects the rook on c7 in preparation for Rd8. White's attack
looks very strong but somehow Black defends. Other moves are possible besides
30...Be5, but this is the only clear way to make a draw.} ({A crucial point of
White's play is} 30... Rc4 31. g4 $3) 31. Ng5+ (31. Nf6+ Kg7 32. Nh5+ Kf7 {
, and White's checks have run out.} 33. Rc1 Qd4 {, and Black's queen finally
returns from the abyss!}) 31... Kg8 32. Rc1 Bc3 $1 {Again, a common theme
appears: White's rooks lack space and are vulnerable to attack.} 33. Rf1 Bd2 {
, and here the game will most likely end in perpetual after 34.Nxe6.}) 29...
Qb7 $6 {Another mistake, allowing White to develop his attack.} (29... c2 $4
30. Qxc7 {ends the game immediately.}) ({Probably simplest was} 29... Rf7 30.
Nxg7 c2 $1 ({avoiding} 30... Rxg7 31. Qe5) 31. Rc1 Rxg7 {, and the position is
balanced by Black's passed c-pawn and weak king.}) 30. Qh4 {Now besides the
obvious threat of Rd8, White has ideas of Nf4 and Ng6 or Nxe6. Black is again
under strong pressure.} Rg8 $2 {Again, an incomprehensible move. Why does
Grischuk entomb his king allowing Nf4 with the threat of mate? Both players
seem to be in a complete panic now at the thought of calculating a sharp
position.} ({Black's best defence is} 30... Qa8 $1 {, defending against Rd8
and preparing ...c2.}) 31. Rd8 $2 {I guess only Kramnik can understand why he
played this move.} ({Why not} 31. Nf4 {? I guess time trouble and nerves are
to blame for the weak play in this stage of the game, but is 31.Nf4 really
such a difficult move? I can imagine Kramnik normally playing this move in his
sleep - it threatens mate in one, after all, which is not easy to comfortably
defend against.}) 31... Rc8 $2 {Such a meek move. Did the players both forget
how strong the c-pawn is? This is Black's main trump, so he should use it!} ({
Passed pawns must be pushed! So:} 31... c2 32. Nf4 (32. Rxg8+ Kxg8 33. Qd8+ Kf7
{ends the checks.}) 32... h6 {, and White will have trouble dealing with the
c2-pawn.}) 32. Rxg8+ Rxg8 33. Nxg7 $2 {Letting Black off easy, when White
could have reached a promising endgame.} (33. Nf6 Bxf6 34. Qxf6+ Qg7 (34... Rg7
$2 35. g3 {can't be good for Black, with such a strong pin on the rook.}) 35.
Qxg7+ Kxg7 36. Rc1 Ra8 37. Rxc3 ({After} 37. Rc2 {Black has the accurate} Kf6
38. Kf1 Kf5 $1 {, and after White plays Rc7 (after Rxc3 and Rxa2) he can come
back to defend the h-pawn with ...Kg6.}) 37... Rxa2 {, and White has decent
winning chances in this endgame due to Black's split pawns. I initially
thought this should be a draw, but after moving the pieces around a bit I
realized that White can slowly advance his pawns and continue to gain space
while Black has to remain totally passive. Perhaps it is objectively possible
to hold, but it requires a great deal of work from Black's side.}) 33... Qxg7 (
{The computer says} 33... c2 {is even easier.}) 34. Qe4 c2 35. Rc1 Rc8 {
Black's c-pawn is too strong. White can't hope for anything, of course.} 36.
Qxe6 Rd8 37. Qb3 Rd2 38. Qb8+ Qg8 39. Qb2+ Qg7 40. Qb8+ Qg8 41. Qe5+ Qg7 42.
Qe8+ Qg8 43. Qe5+ Qg7 44. Qe8+ {An extremely exciting game! Of course the
level of play was not high, but this can be explained by the incredible
tension and tiredness the players must be experiencing. The play was very
sharp and the complications difficult to navigate. In the end a draw was the
logical result.} 1/2-1/2

[Event "Buenos Aires"]
[Site "Buenos Aires"]
[Date "1980.??.??"]
[Round "?"]
[White "Quinteros, Miguel Angel"]
[Black "Andersson, Ulf"]
[Result "1/2-1/2"]
[WhiteElo "2515"]
[BlackElo "2590"]
[Annotator "Chekhov,V"]
[PlyCount "41"]
[EventDate "1980.10.15"]
[EventType "tourn"]
[EventRounds "13"]
[EventCountry "ARG"]
[EventCategory "13"]
[SourceTitle "MCL"]
[Source "ChessBase"]
[SourceDate "1999.07.01"]
[SourceVersion "1"]
[SourceVersionDate "1999.07.01"]
[SourceQuality "1"]

1. c4 c5 2. Nf3 Nf6 3. Nc3 b6 4. e4 d6 5. d4 cxd4 6. Nxd4 Bb7 7. Qe2 a6 (7...
g6 $5 8. Bg5 Bg7 9. O-O-O Nbd7 10. f4 Qb8 11. g4 $36 {Agdestein,S-Miralles,G/
Novi Sad/1990/0,5 (40) Inf 50/48/}) (7... Nbd7) 8. Bg5 e6 9. f4 Be7 10. O-O-O
Nbd7 11. f5 $6 (11. e5 $5 dxe5 12. fxe5 Ne4 (12... Nd5 13. cxd5 Bxg5+ 14. Kb1
exd5 15. e6 $36) (12... Ng8 13. Bf4 Bg5 14. Qe3) 13. Nxe4 (13. Bxe7 Nxc3) 13...
Bxg5+ 14. Kb1 $36) (11. Kb1 $5) 11... e5 (11... Nc5 12. fxe6 fxe6 13. e5) (
11... Nxe4 12. Bxe7 Nxc3 13. Bxd8 Nxe2+ 14. Bxe2 Rxd8 15. fxe6) 12. Bxf6 (12.
Nc2 Nxe4 13. Bxe7 Nxc3 14. Bxd8 Nxe2+ 15. Bxe2 Kxd8 16. Rxd6 Kc7 17. Rhd1 Rhd8)
12... Nxf6 13. Nc2 Rc8 14. Kb1 Rc5 (14... O-O 15. Qe3 b5 $5 16. cxb5 axb5 17.
Bxb5 Rxc3 18. Qxc3 (18. bxc3 Nxe4 $44) 18... Nxe4 19. Qe3 (19. Qe1 Qb6 {/\ Nf2}
) 19... d5 $44) 15. Qe3 O-O 16. Nb4 Qa8 $1 17. Nbd5 Bxd5 18. exd5 (18. Nxd5
Nxd5 19. Rxd5 Rxd5 20. cxd5 b5 21. Be2 Rc8 22. Rc1 $10) 18... b5 $1 19. cxb5 (
19. b4 Rxc4 20. Bxc4 bxc4 $44) 19... axb5 20. Bxb5 Nxd5 21. Nxd5 (21. Nxd5 Rxd5
22. Qe2 e4 $15) 1/2-1/2

[Event "Montreal International"]
[Site "Montreal"]
[Date "1979.04.13"]
[Round "3"]
[White "Portisch, Lajos"]
[Black "Huebner, Robert"]
[Result "1-0"]
[WhiteElo "2640"]
[BlackElo "2595"]
[Annotator "ChessBase"]
[PlyCount "77"]
[EventDate "1979.04.11"]
[EventType "tourn"]
[EventRounds "18"]
[EventCountry "CAN"]
[EventCategory "15"]
[SourceTitle "MCL"]
[Source "ChessBase"]
[SourceDate "1999.07.01"]
[SourceVersion "1"]
[SourceVersionDate "1999.07.01"]
[SourceQuality "1"]

1. c4 Nf6 2. Nc3 c5 3. Nf3 d5 4. cxd5 Nxd5 5. d4 cxd4 (5... Nxc3 6. bxc3 g6 (
6... e6 {D41 Semitarrasch} 7. e4 Nc6 {Kavalek,L-Hort,V Montreal (03)/1979/} (
7... cxd4 {main line} 8. cxd4 Bb4+)) 7. e4 Bg7 {D85 Grünfeld}) 6. Qxd4 Nxc3 7.
Qxc3 Nc6 8. e4 Bg4 9. Bb5 Rc8 10. Be3 $1 (10. O-O a6 11. Bxc6+ Rxc6 12. Qe3
Bxf3 13. Qxf3 g6 $10 {Kortschnoj,V-Ljubojevic,L/EU-Cup Belgrade/1979/}) 10...
Bxf3 11. gxf3 a6 12. Rd1 $1 Qc7 13. Bxc6+ Qxc6 14. Qd4 $1 f6 15. O-O e5 (15...
Qe6 {/\Qh3}) 16. Qa7 $1 Be7 17. Rc1 Qd7 18. Rxc8+ Qxc8 19. Rc1 Qd7 20. Qa8+ $1
(20. Qb8+ Bd8 21. Rc8 Ke7 22. Bc5+ Ke6 23. Bb6 $2 Bc7 $1 $19) 20... Bd8 21. Rc8
Kf7 (21... O-O $2 22. Bc5 Re8 23. Bb6 $18) 22. Bb6 Bxb6 23. Rxh8 {/\Qg8+} Kg6 (
23... Bxf2+ 24. Kg2) (23... Qd1+ 24. Kg2 Kg6 25. Qe8+ Kh6 26. Qg8) 24. Qe8+
Qxe8 25. Rxe8 Bd4 26. b4 Bc3 27. a3 Bb2 28. a4 Ba3 29. Rb8 Bxb4 30. Rxb7 Bc3
31. Kf1 h5 32. Ke2 a5 33. f4 (33. Ke3 Be1) 33... exf4 34. Kf3 f5 35. Rb6+ Kg5
36. Rb5 g6 37. e5 Bd2 38. h4+ Kh6 39. Rb7 1-0

[Event "Berlin East DSV"]
[Site "Berlin East"]
[Date "1982.10.10"]
[Round "2"]
[White "Uhlmann, Wolfgang"]
[Black "Lukacs, Peter"]
[Result "1-0"]
[WhiteElo "2515"]
[BlackElo "2470"]
[Annotator "ChessBase"]
[PlyCount "55"]
[EventDate "1982.10.09"]
[EventType "tourn"]
[EventRounds "13"]
[EventCountry "DDR"]
[EventCategory "9"]
[SourceTitle "MCL"]
[Source "ChessBase"]
[SourceDate "1999.07.01"]
[SourceVersion "1"]
[SourceVersionDate "1999.07.01"]
[SourceQuality "1"]

1. c4 Nf6 2. Nc3 c5 3. Nf3 d5 4. cxd5 Nxd5 5. e4 Nb4 6. Bb5+ N8c6 7. d4 cxd4 8.
a3 Bd7 $6 (8... dxc3) (8... Qb6 $6) 9. Nxd4 (9. axb4 dxc3 10. bxc3 g6 $10) 9...
Nxd4 10. Bxd7+ Qxd7 11. axb4 e6 (11... e5 12. Nd5 $1 $16 {/\ Be3,><a7}) 12. Be3
Rd8 13. O-O $1 Bxb4 14. Bxd4 $1 Qxd4 15. Qa4+ Ke7 (15... Rd7 $2 16. Nb5 $3 (16.
Rfd1 Bxc3 17. Rxd4 Bxd4 $16) 16... Qc5 (16... Qxe4 17. Nd6+) 17. Rac1 Qe7 18.
Rc8+ Rd8 19. Nd6+ Kf8 20. Rxd8+ Qxd8 21. Qxb4) 16. Nb5 $3 Qxe4 17. Rfe1 $3
Qxe1+ (17... Qf4 $2 18. g3 Qg4 19. h3) 18. Rxe1 Bxe1 19. Qa3+ Kf6 (19... Kd7 $2
20. Qd6+ Ke8 21. Nc7#) (19... Ke8 20. Nd6+ Ke7 (20... Kf8 21. Nf5+ Kg8 22. Ne7+
Kf8 23. Ng6+ Kg8 24. Qf8+ Rxf8 25. Ne7#) 21. Nxb7+ Kf6 (21... Kd7 $2 22. Qd6+
Kc8 23. Qc6+ Kb8 24. Nc5 $18) 22. Nxd8 Rxd8 23. Kf1 Bd2 24. Qxa7 $16) 20. Nd6
$1 a5 (20... Rd7 21. Ne4+ Ke5 22. Qe3 $1 $18) (20... Rxd6 21. Qxd6 Ba5 $6 (
21... Rc8 $2 22. Qf4+ $1 Ke7 23. Kf1 $1 Ba5 24. Qg5+) 22. Qd4+ Kg6 23. h4 $1 h6
(23... f6 24. Qxa7 b6 25. Qe7 $18) 24. h5+ $1 Kh7 (24... Kxh5 25. Qxg7) 25.
Qxa7 $1 b6 26. Qxf7 $18) 21. Ne4+ Ke5 (21... Kf5 22. Qf3+ Ke5 23. Ng5 $18) 22.
Ng5 $1 Kf6 (22... Bb4 23. Nxf7+ Kf6 24. Qf3+ Ke7 25. Nxh8 Rxh8 26. Qxb7+ $18)
23. h4 $1 Bb4 (23... Rd5 24. g4 $1 Rxg5 25. hxg5+ Kg6 26. Qd3+ f5 27. gxf6+
Kxf6 28. Qf3+ Ke7 29. Qxb7+ Kf6 30. g5+ $18) 24. Qf3+ Ke7 25. Qxf7+ Kd6 26.
Qxb7 $1 Ke5 (26... Rd7 27. Qb6+ Ke7 28. Qxe6+ Kd8 29. Nf7+) 27. Qxg7+ Kd5 28.
Nf7 1-0

[Event "Interzonal-11a"]
[Site "Riga"]
[Date "1979.09.06"]
[Round "2"]
[White "Polugaevsky, Lev"]
[Black "Tal, Mihail"]
[Result "0-1"]
[WhiteElo "2625"]
[BlackElo "2615"]
[Annotator "ChessBase"]
[PlyCount "56"]
[EventDate "1979.09.05"]
[EventType "tourn"]
[EventRounds "17"]
[EventCountry "URS"]
[EventCategory "12"]
[SourceTitle "100 Jahre Schach"]
[Source "ChessBase"]
[SourceDate "2000.04.19"]
[SourceVersion "1"]
[SourceVersionDate "2000.04.19"]
[SourceQuality "1"]

{19 Jahre nach dem Gewinn des Weltmeistertitels schien Mikhail Tal die
Schachwelt erneut zu erobern. Das Turnier der Weltelite in Toronto -
doppelrundig und damit den Zufallsfaktor eindämmend - gewann er ohne
Niederlage punktgleich mit Karpov. Beim Interzonenturnier in Riga setzte er
noch eins drauf: 14 aus 17 und 2,5 Punkte Vorsprung auf den Zweiten, Lev
Polugaevsky.} 1. Nf3 c5 2. c4 Nf6 3. Nc3 d5 4. cxd5 Nxd5 5. e4 Nb4 6. Bc4 {
Heute wird mehr 6.Bb5+ gespielt.} Be6 7. Bxe6 Nd3+ {Der Springer verlässt
dieses Feld zwar kurzzeitig, aber selbst in der Schlussstellung steht er
zusammen mit dem Bc1 und dem Pd2 wie jetzt. Die Zweiteilung des Brettes ist
natürlich für das Zusammenwirken der weißen Figuren Gift.} 8. Kf1 fxe6 9. Ng5
Qb6 {Das war damals neu und Polugaevsky findet nicht die richtige Erwiderung.}
10. Qe2 $6 (10. Qf3) 10... c4 11. b3 h6 12. Nf3 (12. Qh5+ {/\ Nh3}) 12... Nc6
13. bxc4 O-O-O {-/+ (Tal)} 14. g3 ({Weiß kann} 14. Ne1 {spielen, aber Schwarz
hat ja noch einen Springer für das Feld d3.}) 14... g5 $1 15. Kg2 Qc5 16. Rb1
Bg7 17. Nb5 Qxc4 18. Qe3 Rhf8 19. Rf1 ({Es ist keine Zeit für} 19. Nxa7+ Nxa7
20. Qxa7 Qxe4 $19) 19... g4 20. Nh4 Nxf2 ({Einfacher war} 20... Rxf2+ 21. Rxf2
Nxf2 22. Kxf2 Rf8+ 23. Nf5 exf5 $19) 21. Ng6 Rd3 $1 22. Na3 (22. Qe1 Rdf3 23.
Nxf8 Nd3 24. Qd1 Rxf1 25. Qxf1 Qxe4+ 26. Kg1 Bd4+ 27. Nxd4 Nxd4 $19) 22... Qa4
23. Qe1 (23. Qe2 Nd4 24. Qe1 Rdf3 $19) 23... Rdf3 24. Nxf8 Nd3 25. Qd1 Qxe4 26.
Rxf3 gxf3+ 27. Kf1 Qf5 28. Kg1 Bd4+ {Quelle: i28/98} 0-1

[Event "Montreal International"]
[Site "Montreal"]
[Date "1979.04.21"]
[Round "9"]
[White "Timman, Jan H"]
[Black "Tal, Mihail"]
[Result "1/2-1/2"]
[WhiteElo "2625"]
[BlackElo "2615"]
[Annotator "ChessBase"]
[PlyCount "76"]
[EventDate "1979.04.11"]
[EventType "tourn"]
[EventRounds "18"]
[EventCountry "CAN"]
[EventCategory "15"]
[SourceTitle "MCL"]
[Source "ChessBase"]
[SourceDate "1999.07.01"]
[SourceVersion "1"]
[SourceVersionDate "1999.07.01"]
[SourceQuality "1"]

1. c4 c5 2. Nf3 Nf6 3. Nc3 d5 4. cxd5 Nxd5 5. e4 Nxc3 6. dxc3 Qxd1+ 7. Kxd1 Nc6
8. Be3 e6 $6 (8... b6 9. Bb5 $5 (9. Nd2 Bb7 10. f3 g6 11. Kc2 h5 12. a4 Bh6 13.
Bxh6 Rxh6 14. h4 O-O-O 15. Nc4 Kc7 16. a5 Rhh8 17. Be2 Rd7 18. axb6+ axb6 19.
Ne3 Ne5 20. Bb5 Bc6 21. Nd5+ {Vaganian,R-Mikhalchishin,A/Lvov/1984/1-0/71/}) (
9. a4 Bb7 10. Nd2 O-O-O 11. Kc2 Na5 $5 12. b4 $2 cxb4 13. cxb4 {><d4} Nc6 14.
b5 Nd4+ 15. Kb2 g5 $1 $17 {Tal,M-Vaganian,R/URS-ch/1979/0-1/56/}) 9... Bb7 10.
b4 $1 e6 11. bxc5 Bxc5 12. Bxc5 bxc5 13. Ke2 $14 O-O-O $2 14. Bxc6 Bxc6 15. Ne5
Bb5+ (15... Be8 16. Rab1 $16) 16. c4 Rd4 17. Ke3 f6 18. cxb5 fxe5 19. Rhc1 $16
{Cvetkovic-Biriescu/Satu Mare/1980/1-0/40/}) 9. a4 $1 {/\a4-a5} b6 10. Nd2 (10.
Bb5 Bb7 11. Ne5 $2 O-O-O+ $1 $19) 10... Bb7 11. Nc4 (11. Be2) (11. Kc2) 11...
O-O-O+ 12. Kc1 (12. Kc2 Na5 13. Nxa5 $2 Bxe4+ $1 $17) 12... Be7 13. f3 f5 $1
14. exf5 exf5 15. Kc2 (15. a5 $5 b5 16. a6 Ba8 17. Na3 $1 (17. Na5 c4 18. Nxc6
Bxc6 19. Bxa7 Bg5+ 20. Kb1 Rd1+ 21. Ka2 Rxa1+ 22. Kxa1 Re8 $17) 17... Na5 18.
Kc2 b4 19. cxb4 (19. Nb5 b3+ 20. Kc1 Rhe8 $1 21. Rxa5 Bg5 $1) 19... cxb4 20.
Nb5 b3+ 21. Kc3 Bf6+ 22. Kb4 Nc6+ 23. Kxb3 Rhe8 $44) 15... Rd5 $1 (15... Rhe8
$2 16. Bd3 Rxd3 17. Kxd3 Ba6 18. b3 Na5 19. Kc2 Bxc4 20. bxc4 $16) 16. Be2 (16.
a5 $6 b5 17. a6 Ba8 18. Na3 (18. Na5 Nxa5 19. Rxa5 c4 20. Bxa7 Re8 $1 21. Be3
Bb4 $10) 18... c4 $10) 16... Rhd8 17. Rhd1 Rxd1 18. Bxd1 h6 19. a5 b5 (19...
Ba6 20. Be2 b5 21. Nd2 c4 22. b3 $14) 20. a6 bxc4 21. axb7+ Kxb7 22. Be2 Ne5 (
22... Nd4+ $2 23. cxd4 cxd4 24. Bf2 d3+ 25. Kb1 dxe2 26. Rxa7+ $18) 23. f4 Nd3
24. g3 (24. Bh5 g6 25. Bxg6 Rg8 $132) 24... Bf6 25. Bh5 Rd7 26. Bg6 Re7 27. Kd2
Kc6 28. Bxf5 (28. Rb1 a5 (28... Rb7 29. b3) 29. Bxf5 a4 $13) 28... Nxb2 29. Bg4
Nd3 30. Bf3+ Kb6 31. Rb1+ Kc7 32. Bd5 (32. Bg1 g5 $1 $13) 32... Bxc3+ 33. Kxc3
Rxe3 34. Rb7+ Kd6 35. Kxc4 Nb4 36. Rxa7 (36. Rxg7 $2 Nxd5 37. Rg6+ Re6) 36...
Nxd5 37. Ra6+ Ke7 38. Kxd5 Re2 1/2-1/2